00340nam a2200121Ia 4500008004100000041000800041082001500049100002100064245004900085250001400134260003800148300003200186240624s9999 xx 000 0 und d aeng a332.6 CHA  aCHANDRA PRASANNA aINVESTMENT ANALYSIS AND PORTFOLIO MANAGEMENT a(4th ed.) c2014aNew DelhibTata McGraw-Hill axxii, , 758 , 23 : p. : cm.